Представление документа в формате MARC21

Поле Инд. ПП Название Значение
Тип записи a
Библиографический уровень b
001 Контрольный номер DU/597775813
005 Дата корректировки 20200630193128.0
008 Кодируемые данные 20140701
040 b Код языка каталог. rus
e Правила каталог. PSBO
041 0_ a Код языка текста rus
084 a Индекс другой классификации/Индекс ББК 65.049; 65.261.7-861-24
100 1_ a Автор Перевышин Ю. Н.
q Полное имя Перевышин Юрий Николаевич
100 1_ a Автор Синельников-Мурылев С. Г.
q Полное имя Синельников-Мурылев Сергей Германович
100 1_ a Автор Трунин П. В.
q Полное имя Трунин Павел Вячеславович
245 10 a Заглавие Факторы дифференциации цен в российских регионах
504 a Библиография Лит. в конце статьи
520 0_ a Аннотация Соимость фиксированного набора товаров в регионах может отличаться более чем в 2 раза. Различия региональных цен обусловлены следующими факторами: различия заработных плат, структура региональных экономик, структура доходов населения, издержки региональной торговли, удаленность региона от других субъектов РФ, уровень монополизации розничной торговли.
650 14 a Основная рубрика региональная экономика
a Основная рубрика региональные финансы
a Основная рубрика финансы
a Основная рубрика ценообразование
a Основная рубрика экономика
a Основная рубрика экономический анализ
653 1_ a Ключевые слова борьба с бедностью
a Ключевые слова денежно-кредитная политика
a Ключевые слова дифференциация заработных плат
a Ключевые слова дифференциация цен
a Ключевые слова доходы населения
a Ключевые слова индекс потребительских цен
a Ключевые слова макроэкономика
a Ключевые слова межрегиональная торговля
a Ключевые слова модель векторной авторегрессии
a Ключевые слова монетарная политика
a Ключевые слова неравенство
a Ключевые слова панельные данные
a Ключевые слова покупательная способность
a Ключевые слова потребительские цены
a Ключевые слова региональная экономика
a Ключевые слова региональные цены
a Ключевые слова регионы России
a Ключевые слова регрессионный анализ
a Ключевые слова розничные цены
a Ключевые слова Россия
a Ключевые слова структура доходов
a Ключевые слова торговля
a Ключевые слова транспортно-логистические проекты
a Ключевые слова уровень цен
a Ключевые слова эконометрические методы
a Ключевые слова экономический кризис
a Ключевые слова экономический спад
773 08 t Заглавие источника Экономический журнал ВШЭ
d Дата издания источника 2017
g Прочая информация Т. 21, № 3. - С. 361 - 384 : расчет., граф., табл.
w Контрольный № источника DU/564500028
901 t Тип документа b